000 02735nmm a22004817a 4500
003 CHAP
005 20240607113454.0
007 co ag aaaaa
008 000515s1994 mx a o 10 spa d
010 _a81113
011 _a82085
020 _a9701304950
035 _a92571
040 _cCHAP
041 _aspa
090 _aCD-25
110 _aInstituto Nacional de Estadística, Geografía e Informática. México
_959304
245 1 0 _aIngreso-gasto de los hogares /
_h[disco compacto]
_c/por Instituto Nacional de Estadística, Geografía e Informática.
264 1 _aAguascalientes, Ags. :
_bInstituto Nacional de Estadística, Geografía e Informatica,
_c1994.
300 _a2 discos compactos (CD) :
_c4 3/4 plgs. (12 cm.)
336 _2rdacontent
_aconjunto de datos de la computadora.
_bcod
337 _2rdamedia
_aordenador
_bc
338 _2rdacarrier
_adisco de computadora
_bcd
505 _aContenido: Volumen 1. Tabulaciones. -- Volumen 2. Registros.
516 _aNumérico (Estadísticas resumidas).
520 _aEste producto constituye por 250 tabulados de las Encuestas Nacionales de Ingreso y Gastos de los Hogares 1984. 1989 y 1992, en él se pueden encontrar información sobre características, ocupacionales y de ocupación de los miembros del hogar, los ingresos y los gastos de éstos y las características de la vivienda. El sistema permite al usuario : Comparar y analizar series históricas. Copiar tabulados para hacer estudios específicos, Sacar indicadores específicos según el interés del usuario. Copiar al paquete de sus preferencias para hacer su propio análisis.
538 _aEquipo requerido : El sistema funciona en computadora de las familias de los microprocesadores 80X86 de Intel, y bajo el sistema operativo MS-DOS, Versión 3.X ó más actual. Así, es necesario contar con una microcomputadora con la siguiente configuración : Disco duro y/o unidad de disco flexible. Unidad de disco compacto. Monitor a color o monocromático. 640 Kbytes en memoria RAM.
546 _aTexto en español.
590 _aBATCH-UPD
_b10
_c20130110
590 _aBATCH-UPD
_b10
_c20130410
590 _aBATCH-UPD
_b10
_c20130914
590 _aCONVERSION
_b10
_c20130109
650 1 4 _aCostos y nivel de vida.
_928518
650 1 4 _aEconomía doméstica.
650 1 4 _aIngresos
_zMéxico.
_958408
650 1 4 _aPoblación
_xEstadísticas
_zMéxico.
_989385
905 _aPatricia Mendoza P.
942 _cCD
_2ddc
949 _aCD-25
_bBC
_cCD
_d33724000772067
_eCD
_fv.2
_i92571
_sb
949 _aCD-25
_bBC
_cCD
_d33724000772075
_eCD
_fv.2 c.2
_i92571
_sb
949 _aCD-25
_bBC
_cCD
_d33724000772125
_eCD
_fv.1 c.2
_i92571
_sb
949 _aCD-25
_bBC
_cCD
_d33724000772133
_eCD
_fv.1
_i92571
_sb
999 _c81113
_d81113